|
|
|
|
| LEADER |
00000cam a2200000 7i4500 |
| 001 |
0000031345 |
| 005 |
20120117.0 |
| 008 |
120117 |
| 020 |
|
|
|a 9830401146
|
| 090 |
0 |
0 |
|a 297.82
|b JAZ
|
| 100 |
1 |
|
|a Jazairi, Abu Bakr Jabir
|
| 245 |
1 |
0 |
|a Inilah nasihat saya kepada setiap pendokong syi'ah
|c Fadilat al-shaykh Abu Bakr Jabir al-Jaza'iri
|
| 260 |
|
|
|a Selangor :
|b Al-Ramadhan ,
|c 1996
|
| 440 |
|
|
|a Siri Iman
|
| 650 |
|
0 |
|a Shi'ah
|
| 650 |
|
0 |
|a Shi'ah
|x customs and practices
|
| 650 |
|
0 |
|a Shi'ah
|x doctrimes
|
| 700 |
1 |
|
|a Baharuddin Ayudin
|
| 999 |
|
|
|a 0000451617
|b Book
|c Adult Collection
|e Cawangan Bandar Penawar
|
| 999 |
|
|
|a 0000451629
|b Book
|c Adult Collection
|e Cawangan Mersing
|
| 999 |
|
|
|a 0000764073
|b Book
|c Adult Collection
|e Cawangan Bandar Penawar
|
| 999 |
|
|
|a 0000775575
|b Book
|c Adult Collection
|e Cawangan Pontian
|
| 999 |
|
|
|a 0000775577
|b Book
|c Adult Collection
|e Cawangan Pontian
|
| 999 |
|
|
|a 0000775578
|b Book
|c Adult Collection
|e Cawangan Pontian
|
| 999 |
|
|
|a 0000775579
|b Book
|c Adult Collection
|e Cawangan Pontian
|
| 999 |
|
|
|a 0000789164
|b Book
|c Adult Collection
|e Cawangan Segamat
|
| 999 |
|
|
|a 0000789166
|b Book
|c Adult Collection
|e Cawangan Segamat
|
| 999 |
|
|
|a 0000830920
|b Book
|c Adult Collection
|e Cawangan Segamat
|
| 999 |
|
|
|a 0000830921
|b Book
|c Adult Collection
|e Cawangan Segamat
|
| 999 |
|
|
|a 0000834103
|b Book
|c Adult Collection
|e Cawangan Mersing
|
| 999 |
|
|
|a 0000834104
|b Book
|c Adult Collection
|e Cawangan Mersing
|
| 999 |
|
|
|a 0000834105
|b Book
|c Adult Collection
|e Cawangan Mersing
|
| 999 |
|
|
|a 0000873950
|b Book
|c Adult Collection
|e Cawangan Segamat
|
| 999 |
|
|
|a 0001028265
|b Book
|c Adult Collection
|e Cawangan Urban Transformation Centre
|
| 999 |
|
|
|a 000451648
|b Book
|c Adult Collection
|e Cawangan Muar
|